000 00615nam a22001937a 4500
003 AR-RoUNCS
005 20250925113235.0
008 250925t2005 mx |||||r|||| 001 0 spa d
020 _a970-22-0027-X
040 _cAR-RoUNCS
_aAR-RoUNCS
080 _0(038)=134.2'373.4
100 1 _aAlboukrek, Aarón.
245 1 0 _aDiccionario de sinónimos y antónimos :
_bLarousse /
_cAarón Alboukrek, Gloria Fuentes Sáenz.
260 _aMéxico D.F. :
_bLarousse,
_cc2005.
300 _a295 p. ;
_c18 cm.
650 4 _aESPAÑOL
_vDICCIONARIOS
_xSINÓNIMOS
_xANTÓNIMOS
700 1 _aFuentes Sáenz, Gloria.
942 _2udc
_cOG
_n0
999 _c617
_d617